Club Panchina d'argento al miglior allenatore di Serie B - Statistics

Statistiche generali
  • Questo quiz è stato fatto 10 volte
  • Il punteggio medio è 8 su 14
Statistiche sulle risposte
Numero edizioni Edizioni vinte Squadra % Corretto
1 2018-2019 Lecce
100%
1 2006-2007 Genoa
89%
3 2013-2014; 2017-2018; 2020-2021 Empoli
78%
1 2014-2015 Frosinone
78%
1 2015-2016 Crotone
67%
1 2016-2017 SPAL
67%
1 2008-2009 Bari
56%
1 2021-2022 Cremonese
56%
1 2012-2013 Sassuolo
56%
1 2019-2020 Benevento
44%
1 2011-2012 Pescara
44%
1 2007-2008 ChievoVerona
33%
1 2009-2010 Cesena
22%
1 2010-2011 Novara
22%
Nessun quiz corrispondente trovato
Distribuzione punteggi
Percentuale di utenti per punteggio
Percentile per numero di risposta
I tuoi punteggi nel tempo
Non hai fatto questo quiz